00942nam a2200253 a 450000100100000000500170001000800410002704000250006808200140009324501290010726000370023630000280027349000450030150000350034650000320038150000340041350400320044770000320047970000220051170000280053370000280056171000540058983000450064300004115120201002034648.0130920s2005 sp a 000 0 spa d aDO-SdBNPbspacBNPHU axxxbxxxx00aAnticoncepción y salud reproductiva en España :bcrónica de una (r)evolución /cMagda Teresa Ruiz Salguero [et.al.]. aMadrid, España :bCSIC,c2005. a294 p. :bil. ;c28 cm.1 aEstudios ambientales y socioeconómicos aIncluye índice de gráficos aIncluye índice de cuadros aIncluye siglas y abreviaturas aBibliografía p: 286 - 2951 aRuiz Salguero, Magda Teresa1 aCabré Pla, Anna1 aCastro Martín, Teresa1 aSolsona Pairó, Montse2 aConsejo Superior de Investigación Científicas 0aEstudios ambientales y socioeconómicos